| 000 | 01136nam a2200265 a 4500 | ||
|---|---|---|---|
| 005 | 20160405020002.0 | ||
| 008 | 140311b2002 ck |||||r|||| 00| 0 spa d | ||
| 020 | _a9589663982 | ||
| 040 |
_aCO-BoIAVH _cCO-BoIAVH |
||
| 041 | 0 | _aspa | |
| 044 | _ack | ||
| 082 | 0 | 4 |
_a585.09861 _bT68f |
| 090 |
_aLB _b03218 |
||
| 100 | 1 | _aToro Trujillo, Juan Lázaro | |
| 245 | 1 | 0 |
_aFlora de los páramos y bosques alto andinos del noroccidente medio de Antioquia / _cJuan Lázaro Toro Murillo, Gloria Lucelly Vanegas Alzate y Nicolás Peláez Restrepo |
| 260 |
_aMedellín : _bCORANTIOQUIA, _c2002. |
||
| 300 |
_a180 páginas : _bilustraciones ; _c23 x 16 cm. |
||
| 650 | 4 |
_aPáramos _xFlora _zAntioquia (Departamento, Colombia) |
|
| 650 | 4 |
_aPáramos _xFlora _xCaracterización _zAntioquia (Departamento, Colombia) |
|
| 650 | 4 |
_aBosques Altoandinos _xFlora _zAntioquia (Departamento, Colombia) |
|
| 650 | 4 |
_aBosques Altoandinos _xFlora _xCaracterización _zAntioquia (Departamento, Colombia) |
|
| 700 | 1 | _aVanegas Alzate, Gloria Lucelly | |
| 710 | 1 | _aPeláez Restrepo, Nicolás | |
| 942 |
_2ddc _cLIBRO _01 |
||
| 999 |
_c3466 _d3466 |
||